| 000 | 00643cam a22002173a 4500 | ||
|---|---|---|---|
| 001 | 34474 | ||
| 003 | PGUSA | ||
| 005 | 20140828083738.0 | ||
| 008 | 101129s2010||||xxu|||||s|||||000 | eng d | ||
| 040 |
_aPGUSA _beng |
||
| 042 | _adc | ||
| 100 | 1 |
_aMadison, Lucy Foster, _d1865-1932 |
|
| 245 | 1 | 0 |
_aJoan of Arc, the Warrior Maid _h[electronic resource] / _cLucy Foster Madison |
| 260 |
_bProject Gutenberg, _c2010 |
||
| 506 | _aPublic domain in the USA. | ||
| 516 | _aElectronic text | ||
| 700 | 1 |
_aSchoonover, Frank Earle, _d1877-1972 |
|
| 830 | 0 |
_aProject Gutenberg _v34474 |
|
| 856 | 4 | 0 | _uhttp://www.gutenberg.org/ebooks/34474 |
| 942 | _cEB | ||
| 999 |
_c263729 _d263729 |
||